LEGO Ninjago: Most Known Characters - Statistics

General Stats
  • This quiz has been taken 1,119 times
    1,112 since last reset
  • The average score is 30 of 44
Answer Stats
Role Character % Correct
Sensei Wu
100%
Elemental Master of Fire Kai
99%
/\ Sister of Nya
98%
Elemental Master of Earth Cole
97%
Elemental Master of Lightning Jay
97%
Elemental Master of Ice Zane
95%
Elemental Master of Energy Lloyd
94%
/\ Father of Garmadon
93%
/\ Mother of Misako
85%
Mojo Dojo Owner Dareth
80%
Elemental Master of Amber Skylor
80%
Elemental Master of Wind Morro
78%
/\ Father of Ed
77%
The Dark Lord Overlord
77%
Anacondrai General Pythor
77%
/\ Mother of Edna
76%
/\ Mother of Maya
76%
Robot With Graffiti All Over Him Mr. E
76%
/\ Father of Ray
75%
Time Twin #2 Krux
73%
Time Twin #1 Acronix
72%
/\ Assistant of Above P.I.X.A.L.
70%
Created the Nindroids Cyrus Borg
67%
The Quiet One Harumi
67%
Skeleton Army General Samukai
67%
Hypnobrai General Skales
63%
Huge Snake The Great Devourer
63%
Ghost Sensei Yang
62%
Sky Pirate General Nadakhan
60%
/\ Creator of the Above Dr. Julien
56%
Bounty Hunter Ronin
56%
Anacondrai Cultist General Chen
55%
/\ Father of Lou
55%
Tea Shop Owner Mistake
53%
/\ Second-In-Command Clouse
50%
Nindroid General Cryptor
49%
Leader of the Hunters Iron Baron
46%
Stone Army General Kozu
46%
Heavy Metal Faith
42%
Little Gray Gal Ultra Violet
42%
Big Gray Man Killow
36%
Fangpyre General Fangtom
35%
Venomari General Acidicus
31%
Constrictai General Skalidor
26%
No matching quizzes found
Score Distribution
Percent of People with Each Score
Percentile by Number Answered
Your Score History
You have not taken this quiz since the last reset